Queueing Networks and Product Forms : a Systems Approach
Αποθηκεύτηκε σε:
| Κύριος συγγραφέας: | |
|---|---|
| Μορφή: | Βιβλίο |
| Γλώσσα: | English |
| Δημοσίευση: |
Chichester ; New York :
John Wiley,
c1993
|
| Σειρά: | Wiley-Interscience series in systems and optimization
|
| Θέματα: | |
| Ετικέτες: |
Προσθήκη ετικέτας
Δεν υπάρχουν, Καταχωρήστε ετικέτα πρώτοι!
|
MARC
| LEADER | 00000nam a2200000 i 4500 | ||
|---|---|---|---|
| 001 | 1/41332 | ||
| 008 | 950224s1993 eng d | ||
| 020 | |a 0-471-92848-8 | ||
| 035 | |a 1995 |c ΠΑΠΑΔΟΠΟΥΛΟΣ |l 10041478 | ||
| 040 | |a GR-MY-UA |b gre |e aacr | ||
| 041 | 0 | |a eng | |
| 082 | 0 | |a 519.82 | |
| 100 | 1 | |a Dijk, N. M. van. | |
| 245 | 1 | 0 | |a Queueing Networks and Product Forms : |b a Systems Approach / |c Nico M. van Dijk |
| 260 | |a Chichester ; New York : |b John Wiley, |c c1993 | ||
| 300 | |a xix, 270 p.; |b ill.; |c 24 cm. | ||
| 490 | 1 | |a Wiley-Interscience series in systems and optimization | |
| 500 | |a Includes bibliographical references and index | ||
| 650 | 0 | 0 | |a Queuing theory. |
| 830 | 0 | |a Wiley-Interscience series in systems and optimization | |
| 852 | |a INST |b SAMOS |e 19950607 |h 519.82 DIJ |p 005300005621 |q 005300005621 |t BK |y 0 | ||
| 852 | |a INST |b SAMOS |e 19950224 |h 519.82 DIJ |p 005300005935 |q 005300005935 |t BK |y 0 | ||
| 909 | |a Σ |b 038808 | ||
| 909 | |a Σ |b 039077 | ||